Central Library OPAC University of Rajshahi

Business English and communication / (Record no. 43210)

MARC details
000 -LEADER
fixed length control field 00875nam a2200265 a 4500
001 - CONTROL NUMBER
control field 43210
003 - CONTROL NUMBER IDENTIFIER
rucl marc code BD-RjUL
005 - DATE AND TIME OF LATEST TRANSACTION
control field 20211209053649.0
008 - FIXED-LENGTH DATA ELEMENTS--GENERAL INFORMATION
fixed length control field 160620s1967 -cna 000 0 eng
035 ## - SYSTEM CONTROL NUMBER
System control number (BD-RjUL)43328
040 ## - CATALOGING SOURCE
Original cataloging agency DLC
Transcribing agency DLC
Modifying agency DLC
-- BD-RjUL
Language of cataloging eng
041 ## - LANGUAGE CODE
Language code of text/sound track or separate title eng
082 00 - DEWEY DECIMAL CLASSIFICATION NUMBER
Edition number 23
Classification number 428.202465
Author mark and year STB 1967
100 1# - MAIN ENTRY--PERSONAL NAME
Personal name Stewart, Marie M.,
9 (RLIN) 132708
245 10 - TITLE STATEMENT
Title Business English and communication /
Statement of responsibility, etc. by, Marie M. Stewart, Frank W. Lanham and Kenneth Zimmer.
250 ## - EDITION STATEMENT
Edition statement Canadian ed.
260 ## - PUBLICATION, DISTRIBUTION, ETC. (IMPRINT)
Place of publication, distribution, etc. New York,
Name of publisher, distributor, etc. Gregg Division, McGraw-Hill,
Date of publication, distribution, etc. c1967
300 ## - PHYSICAL DESCRIPTION
Pagination xiii, 561 p. :
Illustrations ill. ;
Size 25 cm.
500 ## - GENERAL NOTE
General note Includes Index
650 #0 - SUBJECT ADDED ENTRY--TOPICAL TERM
Topical term or geographic name as entry element English language
General subdivision Business English
9 (RLIN) 119759
Topical term or geographic name as entry element Language arts.
9 (RLIN) 132709
700 1# - ADDED ENTRY--PERSONAL NAME
Personal name Lanham, Frank Wesley,
Relator term joint author.
Personal name Zimmer, Kenneth,
Relator term joint author.
942 ## - ADDED ENTRY ELEMENTS (KOHA)
Source of classification or shelving scheme Dewey Decimal Classification
Koha item type Books
Holdings
Lost status Source of classification or shelving scheme Damaged status Not for loan Collection code Permanent Location Current Location Shelving location Date acquired Source of acquisition Total Checkouts Full call number Date last seen Copy number Koha item type
  Dewey Decimal Classification     Non-fiction Central Library, University of Rajshahi Central Library, University of Rajshahi   26/02/1991 Canada,   428.202465 STB 1967 20/06/2016 C-2 Books
  Dewey Decimal Classification   Not For Loan Non-fiction Central Library, University of Rajshahi Central Library, University of Rajshahi Reading Room 26/02/1991 Canada,   428.202465 STB 1967 20/06/2016 C-1 Books
  Dewey Decimal Classification     Non-fiction Central Library, University of Rajshahi Central Library, University of Rajshahi   26/02/1991 Canada,   428.202465 STB 1967 20/06/2016 C-3 Books
  Dewey Decimal Classification     Non-fiction Central Library, University of Rajshahi Central Library, University of Rajshahi   26/02/1991 Canada,   428.202465 STB 1967 20/06/2016 C-4 Books
  Dewey Decimal Classification     Non-fiction Central Library, University of Rajshahi Central Library, University of Rajshahi Electronic Books 26/02/1991 Canada,   428.202465 STB 1967 20/06/2016 C-5 Books
  Dewey Decimal Classification     Non-fiction Central Library, University of Rajshahi Central Library, University of Rajshahi   26/02/1991 Canada,   428.202465 STB 1967 20/06/2016 C-6 Books
  Dewey Decimal Classification     Non-fiction Central Library, University of Rajshahi Central Library, University of Rajshahi   26/02/1991 Canada,   428.202465 STB 1967 20/06/2016 C-7 Books
  Dewey Decimal Classification     Non-fiction Central Library, University of Rajshahi Central Library, University of Rajshahi   26/02/1991 Canada,   428.202465 STB 1967 20/06/2016 C-8 Books
  Dewey Decimal Classification     Non-fiction Central Library, University of Rajshahi Central Library, University of Rajshahi   26/02/1991 Canada,   428.202465 STB 1967 20/06/2016 C-9 Books
  Dewey Decimal Classification     Non-fiction Central Library, University of Rajshahi Central Library, University of Rajshahi   26/02/1991 Canada,   428.202465 STB 1967 20/06/2016 C-10 Books